000 00475nam a2200157 i 4500
001 70290
003 ES-MaACL
005 20230906170758.0
007 t|
008 040721s1952 sp ||||1| spa d
100 1 _aGarcía Roca, Joaquín.
_955188
245 1 3 _aLa salud por el ayuno y la abstinencia /
_cpor Joaquín García Roca.
260 _aBarcelona :
_bSanatorium,
_c1952 (
_fLa editorial)
300 _a247 p. :
_bil. ;
_c19 cm.
852 _aES-MaACL
_jD-7869
_bR.32416
999 _c70290
_d70290